| 000 | 00796nam a22002177a 4500 | ||
|---|---|---|---|
| 003 | BUBTL | ||
| 008 | 240103b ||||| |||| 00| 0 eng d | ||
| 020 | _a | ||
| 041 | _aবাংলা + ইংরেজী | ||
| 082 | _a346.04/ K5265c/ 2005 | ||
| 100 |
_95637 _aখালেকুজ্জামান, মোহাম্মদ |
||
| 245 |
_aবাণিজ্যিক ও শিল্প আইন/ _bমোহাম্মদ খালেকুজ্জামান |
||
| 250 | _a১০ম সং | ||
| 260 |
_aঢাকা _b দি যমুনা পাবলিশার্স, _cc2005 |
||
| 300 |
_a[xxiv], 877p . : _bill. ; 24 cm. |
||
| 526 | _aLaw | ||
| 650 | 0 |
_92106 _aLaw |
|
| 856 |
_k0 _l0 _yDownload |
||
| 942 |
_2ddc _cBK |
||
| 999 |
_c7188 _d7188 |
||